[Event "GER-chT U20"]
[Site "Osnabrueck"]
[Date "2012.12.30"]
[Round "7.5"]
[White "Suess, Christian"]
[Black "Schopferer, Markus"]
[Result "0-1"]
[WhiteElo "1460"]
[BlackElo "1606"]
[PlyCount "52"]
[EventDate "2012.12.27"]
[EventType "team-swiss"]
[EventRounds "7"]
[EventCountry "GER"]
[SourceTitle "EXT 2014"]
[Source "ChessBase"]
[SourceDate "2013.11.20"]
[SourceVersion "1"]
[SourceVersionDate "2013.11.20"]
[SourceQuality "1"]
[WhiteTeam "Vaterstetten"]
[BlackTeam "Heitersheim"]
[WhiteTeamCountry "GER"]
[BlackTeamCountry "GER"]

1. d4 b6 2. e4 Bb7 3. d5 e6 4. Nc3 exd5 5. Nxd5 Nf6 6. f3 Nxd5 7. exd5 Bc5 8. Bc4 Qh4+ 9. g3 Qxc4 10. Bf4 0-0 11. Qe2 Qxe2+ 12. Nxe2 Bxd5 13. Rf1 Re8 14. b3 Bb4+ 15. Kd1 c6 16. c3 Bc5 17. b4 Rxe2 18. bxc5 Re6 19. cxb6 axb6 20. Kd2 Na6 21. a4 Nc5 22. Bc7 Nb3+ 23. Kd3 Nxa1 24. Rxa1 c5 25. f4 f5 26. Rb1 Be4+ 0-1

[Event "GER-chT U20"]
[Site "Osnabrueck"]
[Date "2012.12.29"]
[Round "5.5"]
[White "Scheinhuette, Jakob"]
[Black "Suess, Christian"]
[Result "1-0"]
[WhiteElo "1697"]
[BlackElo "1460"]
[PlyCount "41"]
[EventDate "2012.12.27"]
[EventType "team-swiss"]
[EventRounds "7"]
[EventCountry "GER"]
[SourceTitle "EXT 2014"]
[Source "ChessBase"]
[SourceDate "2013.11.20"]
[SourceVersion "1"]
[SourceVersionDate "2013.11.20"]
[SourceQuality "1"]
[WhiteTeam "Berlin Empor"]
[BlackTeam "Vaterstetten"]
[WhiteTeamCountry "GER"]
[BlackTeamCountry "GER"]

1. e4 e5 2. Nf3 d6 3. c3 Bg4 4. h3 Bh5 5. d4 exd4 6. cxd4 d5 7. exd5 Qxd5 8. Nc3 Qd8 9. Be2 Nf6 10. Bg5 h6 11. Bh4 Be7 12. Qb3 b6 13. Bxf6 Bxf6 14. Qb5+ Qd7 15. Qxh5 Bxd4 16. Nxd4 Qxd4 17. Rd1 Qf6 18. 0-0 0-0 19. Qf3 Nc6 20. Qxf6 gxf6 21. Bf3 1-0